000 00443nam a2200181Ia 4500
003 GCL
008 140319s9999 xx 000 0 eng d
040 _aGCL /
_cGCL
082 0 4 _a843
_bS B
100 1 _aSEBBER, LEILA
245 1 0 _aLE BDISER /
_cSEBBER, LEILA
260 _a[S.N] :
_bHACHETTE JEUNESSE ،
_c1992
300 _a158 P
650 0 4 _aLITERATURE
650 0 4 _aFRENCH FICTION
650 0 4 _aFRENCH LITERATURE
942 _2ddc
_cBK
999 _c16419
_d16419